[Event "GER-ch U25-C"]
[Site "Willingen"]
[Date "2019.06.15"]
[Round "9"]
[White "Prinzen, Per Henrik"]
[Black "Laag, Elena"]
[Result "1-0"]
[WhiteElo "833"]
[BlackElo "841"]
[PlyCount "73"]
[EventDate "2019.06.08"]
[EventType "swiss"]
[EventRounds "9"]
[EventCountry "GER"]
[SourceTitle "EXT 2020"]
[Source "ChessBase"]
[SourceDate "2019.10.17"]
[SourceVersion "1"]
[SourceVersionDate "2019.10.17"]
[SourceQuality "1"]

1. e4 e6 2. d4 d5 3. exd5 exd5 4. c4 Bf5 5. Nc3 c6 6. Nf3 Bd6 7. c5 Bc7 8. Bg5 f6 9. Bh4 Qe7+ 10. Qe2 Nd7 11. g3 0-0-0 12. g4 Bxg4 13. Bg2 Qxe2+ 14. Nxe2 Re8 15. Bg3 Ba5+ 16. Kf1 Nh6 17. Rb1 b5 18. b4 Bd8 19. h3 Bxf3 20. Bxf3 a5 21. bxa5 Bxa5 22. Rb3 Kb7 23. a4 Ka6 24. axb5+ cxb5 25. Bxd5 Nf5 26. Bc6 Nxg3+ 27. fxg3 Re7 28. Bxb5+ Ka7 29. Ra3 Kb8 30. Rxa5 Nf8 31. d5 Ra7 32. Rxa7 Kxa7 33. c6 Kb6 34. Nd4 Ng6 35. Kf2 Rd8 36. Rb1 Rxd5 37. Bc4+ 1-0